| 000 | 00637nam a22001937a 4500 | ||
|---|---|---|---|
| 005 | 20180830163142.0 | ||
| 010 | _aENG-123936 | ||
| 020 |
_a9789352805112 _c495.00 |
||
| 035 | _aEN-107468 | ||
| 037 | _bDBAD/PUB | ||
| 082 | 0 | 0 | _a658.3 |
| 100 | _aSengupta, Amitabha | ||
| 245 | 1 | 0 |
_aHuman resource management: _cby Amitabha Sengupta _bconcepts, practices, and new paradigms / |
| 260 |
_aNew Delhi _bSAGE Publications _c2018 |
||
| 270 |
_aB1/I-1 Mohan Cooperative Industrial Area, Mathura Road _bNew Delhi _e110044 |
||
| 300 |
_axix,473p. _c25m.(pbk) |
||
| 500 | _aIt includes index | ||
| 942 |
_2ddc _cEN _h658.3 _mSEN |
||
| 999 |
_c156728 _d156728 |
||